Titration curves of heavy and light meromyosin and the effect of some salts

Elmentve itt :
Bibliográfiai részletek
Szerző: Nanninga L. B.
Dokumentumtípus: Cikk
Megjelent: Academic Press 1955-06
Sorozat:Archives of Biochemistry and Biophysics 56 No. 2
Online Access:http://misc.bibl.u-szeged.hu/73463
LEADER 00667nab a2200169 i 4500
001 misc73463
005 20241018113928.0
008 241018s1955 hu o 000 eng d
040 |a SZTE Miscellanea Repozitórium  |b hun 
041 |a eng 
100 1 |a Nanninga L. B. 
245 1 0 |a Titration curves of heavy and light meromyosin and the effect of some salts  |h [elektronikus dokumentum] /  |c  Nanninga L. B. 
260 |a Academic Press  |c 1955-06 
300 |a 334-348 
490 0 |a Archives of Biochemistry and Biophysics  |v 56 No. 2 
561 |a Szent-Györgyi Albert munkatársainak publikációi 
856 4 0 |u http://misc.bibl.u-szeged.hu/73463/1/szgya_amerikai_076.pdf  |z Dokumentum-elérés